Análisis del registro de productores y entregadores de café. Cosecha 1975-1976

Guardat en:
Dades bibliogràfiques
Autor corporatiu: Costa Rica. Oficina del Café
Format: Text
Publicat: San José: La Oficina
Matèries:
Etiquetes: Afegir etiqueta
Sense etiquetes, Sigues el primer a etiquetar aquest registre!

MARC

LEADER 00000 a a2200000 04500
001 14438
003
040 |a CRAI/IIS  |c CRAI/IIS 
090 |a 021000  
110 |a Costa Rica. Oficina del Café  
245 |a Análisis del registro de productores y entregadores de café. Cosecha 1975-1976  
260 |a San José:   |b La Oficina  
300 |a 132 p.  
650 |a CAFE  
999 |c 14500  |d 14500